Ley orgánica del poder judicial / (Registro nro. 59966)
[ vista simple ]
| 000 -LEADER | |
|---|---|
| campo de control de longitud fija | 00750nam a2200241 i 4500 |
| 001 - NÚMERO DE CONTROL | |
| campo de control | 59966 |
| 003 - IDENTIFICADOR DE NÚMERO DE CONTROL | |
| campo de control | ES-MaACL |
| 005 - FECHA Y HORA DE LA ÚLTIMA TRANSACCIÓN | |
| campo de control | 20250827062605.0 |
| 007 - CAMPO FIJO DE DESCRIPCIÓN FÍSICA--INFORMACIÓN GENERAL | |
| campo de control de longitud fija | t| |
| 008 - DATOS DE LONGITUD FIJA--INFORMACIÓN GENERAL | |
| campo de control de longitud fija | 031031s1985 sp ||||1| spa d |
| 020 ## - NÚMERO INTERNACIONAL ESTÁNDAR DEL LIBRO | |
| Número Internacional Estándar del Libro | 84-309-1219-2 |
| 110 1# - ENTRADA PRINCIPAL--NOMBRE DE ENTIDAD CORPORATIVA | |
| Nombre de entidad corporativa o nombre de jurisdicción como elemento de entrada | España |
| 9 (RLIN) | 3622 |
| 240 #0 - TÍTULO UNIFORME | |
| Título uniforme | Ley Orgánica del poder judicial, 1985 |
| 245 10 - MENCIÓN DEL TÍTULO | |
| Título | Ley orgánica del poder judicial / |
| Mención de responsabilidad, etc. | edición preparada por Víctor Moreno Catena. |
| 260 ## - PUBLICACIÓN, DISTRIBUCIÓN, ETC. | |
| Lugar de publicación, distribución, etc. | Madrid : |
| Nombre del editor, distribuidor, etc. | Tecnos, |
| Fecha de publicación, distribución, etc. | [1985] |
| 300 ## - DESCRIPCIÓN FÍSICA | |
| Extensión | 309 p. ; |
| Dimensiones | 17 cm. |
| 490 1# - MENCIÓN DE SERIE | |
| Mención de serie | Biblioteca de textos legales |
| 700 1# - ENTRADA AGREGADA--NOMBRE PERSONAL | |
| Nombre de persona | Moreno Catena, Víctor. |
| 9 (RLIN) | 83346 |
| 740 0# - ENTRADA AGREGADA--TÍTULO RELACIONADO/ANALÍTICO NO CONTROLADO | |
| Título relacionado o analítico no controlado | Ley del poder judicial, 1985. |
| 830 0# - PUNTO DE ACCESO ADICIONAL DE SERIE-TÍTULO UNIFORME | |
| Título uniforme | Biblioteca de textos legales |
| 9 (RLIN) | 177271 |
| 852 ## - LOCALIZACIÓN | |
| Ubicación | ES-MaACL |
| Número de control de estantería | C-40836 |
| Sublocalización o colección | R.110924 |
| Estatus retirado | Estado de pérdida | Estado de daño | No para préstamo | Biblioteca de origen | Biblioteca actual | Ubicación en estantería | Fecha de adquisición | Fuente de adquisición | Total de préstamos | Signatura topográfica completa | Código de barras | Visto por última vez | Precio de reemplazo | Tipo de ítem Koha |
|---|---|---|---|---|---|---|---|---|---|---|---|---|---|---|
| Biblioteca del Ateneo de Madrid | Biblioteca del Ateneo de Madrid | Depósito 2 | 17/01/2008 | C-40836 | 1062891 | 23/02/2023 | 23/02/2023 | Libro impreso |
